000 00289nam a22001337a 4500
008 181218b xxu||||| |||| 00| 0 eng d
020 _a9780803627437
041 _aeng
080 _a610.73
100 _a1
101 _aINF
245 _aConcept Maping
_cSchuster, P.M
942 _2udc
_cBK
999 _c53465
_d53465